Suomen kunnat, jotka päättyvät kirjaimeen A - Statistics

Yleistilastot
  • Tätä visaa on pelattu 312 kertaa
  • Keskiarvotulos 61 / 85
Vastaustilastot
Maakunta Kunta % Oikein
-AA Pirkanmaa Akaa
91%
-AA Uusimaa Vantaa
89%
-OLA Kymenlaakso Kouvola
86%
-OLA Päijät-Häme Heinola
85%
-NA Ahvenanmaa Maarianhamina
85%
-ILA Satakunta Nakkila
85%
-LLA Lappi Salla
85%
-SA Pohjanmaa Vaasa
85%
-KA Kymenlaakso Kotka
84%
-IA Pirkanmaa Nokia
84%
-IA Satakunta Karvia
82%
-AA Keski-Suomi Laukaa
81%
-IA Satakunta Merikarvia
81%
-OLA Päijät-Häme Hollola
80%
-ILA Uusimaa Karkkila
80%
-AA Varsinais-Suomi Loimaa
80%
-NA Kymenlaakso Hamina
79%
-ALA Pirkanmaa Kangasala
78%
-OLA Keski-Pohjanmaa Kokkola
78%
-RA Varsinais-Suomi Aura
77%
-UA Etelä-Pohjanmaa Lapua
77%
-ALA Etelä-Karjala Parikkala
77%
-NA Etelä-Savo Savonlinna
77%
-GA Ahvenanmaa Sottunga
77%
-ALA Pirkanmaa Pirkkala
76%
-ILA Satakunta Ulvila
76%
-AA Varsinais-Suomi Vehmaa
76%
-NA Kanta-Häme Hämeenlinna
75%
-RA Etelä-Karjala Imatra
75%
-IA Pohjanmaa Laihia
75%
-TA Etelä-Karjala Lappeenranta
75%
-SA Pohjois-Karjala Lieksa
75%
-JA Uusimaa Lohja
75%
-MA Satakunta Rauma
75%
-ALA Pirkanmaa Sastamala
75%
-ALA Päijät-Häme Asikkala
74%
-OLA Päijät-Häme Hartola
74%
-ULA Kanta-Häme Hattula
74%
-ULA Keski-Suomi Karstula
74%
-AA Lappi Keminmaa
74%
-UA Lappi Ranua
74%
-RA Satakunta Eura
73%
-ILA Kanta-Häme Humppila
73%
-ILA Päijät-Häme Orimattila
73%
-KA Kainuu Puolanka
73%
-KA Pohjois-Pohjanmaa Alavieska
71%
-ALA Kanta-Häme Janakkala
71%
-ALA Ahvenanmaa Jomala
71%
-VA Etelä-Pohjanmaa Kauhava
71%
-KA Etelä-Pohjanmaa Kurikka
71%
-IA Keski-Suomi Multia
71%
-ULA Uusimaa Tuusula
71%
-VA Uusimaa Kerava
70%
-ALA Pirkanmaa Urjala
70%
-ALA Pohjois-Pohjanmaa Vaala
70%
-KA Pohjois-Pohjanmaa Ylivieska
70%
-UA Keski-Pohjanmaa Halsua
69%
-TA Satakunta Harjavalta
69%
-VA Etelä-Savo Juva
69%
-VA Etelä-Savo Sulkava
69%
-OLA Lappi Tervola
69%
-NA Varsinais-Suomi Kaarina
68%
-KA Keski-Suomi Toivakka
68%
-OLA Uusimaa Askola
67%
-SA Uusimaa Loviisa
67%
-ELA Kanta-Häme Tammela
67%
-KA Keski-Suomi Luhanka
66%
-ALA Etelä-Savo Puumala
66%
-ILA Varsinais-Suomi Laitila
64%
-ILA Uusimaa Pukkila
64%
-SA Kanta-Häme Forssa
63%
-KA Pohjois-Pohjanmaa Liminka
63%
-TA Ahvenanmaa Geta
62%
-ULA Keski-Suomi Kinnula
62%
-ALA Pohjois-Pohjanmaa Nivala
60%
-VA Etelä-Pohjanmaa Teuva
60%
-SA Keski-Suomi Joutsa
59%
-KA Pohjois-Karjala Juuka
59%
-ILA Varsinais-Suomi Marttila
58%
-ULA Pirkanmaa Mänttä-Vilppula
57%
-TA Varsinais-Suomi Pyhäranta
55%
-VA Pohjois-Pohjanmaa Siikalatva
55%
-RA Pohjois-Savo Rautavaara
54%
-TA Pohjois-Savo Leppävirta
49%
-TA Pohjanmaa Pedersören kunta
38%
Ehtoja vastaavia visoja ei löytynyt
Tulosjakauma
Jokaisen tuloksen saaneiden osuus
Persentiili vastausten määrän mukaan
Tuloshistoriasi
Et ole pelannut tätä visaa